00722pam a2200229 a 45000010008000000030004000080050017000120080041000290100017000700200025000870200032001120400018001440430012001620820016001742450076001902600041002663000025003075040051003326510052003837000027004357000030004624347375OSt20230620120814.0891218s1990 nyu b 001 0 eng  a 89077913  a0873326024 :c$29.00 a0873326032 (pbk.) :c$14.95 aDLCcDLCdDLC an-us-ny00a320.97bBEL00aUrban politics, New York style /ceditors, Jewel Bellush & Dick Netzer. aArmonk, N.Y. :bM.E. Sharpe,cc1990. axi, 467 p. ;c23 cm. aIncludes bibliographical references and index. 0aNew York (N.Y.)xPolitics and governmenty1951-1 aBellush, Jewel,d1924-1 aNetzer, Dick,d1928-2008.